An introduction to logosophical cognition/ (Record no. 114821)
[ view plain ]
| 000 -LEADER | |
|---|---|
| fixed length control field | 00516cam a2200169 4500 |
| 008 - FIXED-LENGTH DATA ELEMENTS--GENERAL INFORMATION | |
| fixed length control field | 101014n 000 0 eng u |
| 020 ## - INTERNATIONAL STANDARD BOOK NUMBER | |
| International Standard Book Number | 8570970307 |
| 035 ## - SYSTEM CONTROL NUMBER | |
| System control number | (Sirsi) a171656 |
| 050 ## - LIBRARY OF CONGRESS CALL NUMBER | |
| Classification number | BF 1999 GON 1998 |
| 100 ## - MAIN ENTRY--PERSONAL NAME | |
| Personal name | Gonzalez Pecotche, Carlos Bernardo. |
| 245 ## - TITLE STATEMENT | |
| Title | An introduction to logosophical cognition/ |
| Statement of responsibility, etc. | by Carlos Bernardo Gonzalez Pecotche. |
| 250 ## - EDITION STATEMENT | |
| Edition statement | 2 ed. |
| 260 ## - PUBLICATION, DISTRIBUTION, ETC. | |
| Place of publication, distribution, etc. | Sao Paulo: |
| Name of publisher, distributor, etc. | Logosofica, |
| Date of publication, distribution, etc. | 1998. |
| 300 ## - PHYSICAL DESCRIPTION | |
| Extent | 494p. |
| 650 ## - SUBJECT ADDED ENTRY--TOPICAL TERM | |
| Topical term or geographic name entry element | Logosofia |
| 650 ## - SUBJECT ADDED ENTRY--TOPICAL TERM | |
| Topical term or geographic name entry element | Logosofia --Estudo e ensino |
No items available.